Campeones de la Liga ACB - Estadísticas

Estadísticas generales
  • Esta prueba ha sido intentada 27 veces
  • La puntuación promedio es 67 de 69
Estadísticas de respuestas
Temporada Campeón % Correcto
1959 Barcelona
100%
1981 Barcelona
100%
1983 Barcelona
100%
1987 Barcelona
100%
1988 Barcelona
100%
1989 Barcelona
100%
1990 Barcelona
100%
1995 Barcelona
100%
1996 Barcelona
100%
1997 Barcelona
100%
1999 Barcelona
100%
2001 Barcelona
100%
2003 Barcelona
100%
2004 Barcelona
100%
2009 Barcelona
100%
2011 Barcelona
100%
2012 Barcelona
100%
2014 Barcelona
100%
2021 Barcelona
100%
2023 Barcelona
100%
2010 Caja Laboral
100%
2020 KIROLBET Baskonia
100%
1957 Real Madrid
100%
1958 Real Madrid
100%
1960 Real Madrid
100%
1961 Real Madrid
100%
1962 Real Madrid
100%
1963 Real Madrid
100%
1964 Real Madrid
100%
1965 Real Madrid
100%
1966 Real Madrid
100%
1968 Real Madrid
100%
1969 Real Madrid
100%
1970 Real Madrid
100%
1971 Real Madrid
100%
1972 Real Madrid
100%
1973 Real Madrid
100%
1974 Real Madrid
100%
1975 Real Madrid
100%
1976 Real Madrid
100%
1977 Real Madrid
100%
1979 Real Madrid
100%
1980 Real Madrid
100%
1982 Real Madrid
100%
1984 Real Madrid
100%
1985 Real Madrid
100%
1986 Real Madrid
100%
1993 Real Madrid
100%
1994 Real Madrid
100%
2000 Real Madrid
100%
2005 Real Madrid
100%
2007 Real Madrid
100%
2013 Real Madrid
100%
2015 Real Madrid
100%
2016 Real Madrid
100%
2018 Real Madrid
100%
2019 Real Madrid
100%
2022 Real Madrid
100%
2024 Real Madrid
100%
2025 Real Madrid
100%
2002 TAU Vitoria
100%
2008 TAU Vitoria
100%
2017 Valencia
100%
2006 Unicaja Málaga
83%
1998 TDK Manresa
71%
1967 Joventut
58%
1978 Joventut
58%
1991 Joventut
58%
1992 Joventut
58%
No se encontraron pruebas coincidentes
Distribución de puntuación
Porcentaje de gente con cada puntuación
Porcentaje por número respondido
Historial de tus puntuaciones
No has intentado esta prueba.